000 00551nam a2200169 i 4500
001 120184
003 ES-MaACL
005 20251012063049.0
007 t|
008 070214s1965 sp r ||||1| spa d
100 1 _aPérez Vidal, José,
_d1907-1990
_9160934
245 1 0 _aInfluencias portuguesas en la cultura tradicional marinera de Canarias /
_cJosé Pérez Vidal.
260 _aLisboa :
_bJunta de Investigaçoes do Ultramar,
_c1965.
300 _a9 p. ;
_c25 cm.
852 _aES-MaACL
_j2087-F-18
_bR.89914
999 _c120184
_d120184